Riziká spojené s elektromobilmi a lítiovými batériami

Salvato in:
Dettagli Bibliografici
Autore principale: Šebestová, Silvia (Autore)
Altri autori: Martinka, Jozef (Relatore della tesi)
Natura: Manoscritto Libro
Lingua:slovacco
Pubblicazione: 2025
Soggetti:
Accesso online:http://is.stuba.sk/zp/portal_zp.pl?podrobnosti=176787
Tags: Aggiungi Tag
Nessun Tag, puoi essere il primo ad aggiungerne!!

MARC

LEADER 00000ntm a22000003a 4500
001 stuzp105531
003 SK-STU
005 20250628212843.3
007 ta
008 150427s2015----xo-----f-mn---000-0-slo-d
040 |a STU  |b slo 
041 0 |a slo 
100 1 |a Šebestová, Silvia  |u 065000  |4 aut  |U MTF Materiálovotechnologická fakulta  |T MTF Ústav integrovanej bezpečnosti  |X 121871  |U M5000  |Y 85  |7 121871 
242 0 1 |a Risks associated with electric vehicles and lithium batteries  |y eng 
245 1 0 |a Riziká spojené s elektromobilmi a lítiovými batériami 
260 |c 2025 
650 4 |a elektomobilita  |2 slo 
650 4 |a lítiové batérie  |2 slo 
650 4 |a tepelné účinky pri vybíjaní  |2 slo 
650 4 |a electromobility  |2 eng 
650 4 |a lithium batteries  |2 eng 
650 4 |a thermal effects during discharge  |2 eng 
700 1 |a Martinka, Jozef  |u 065300  |k Z1  |4 ths  |U MTF Ústav integrovanej bezpečnosti  |T MTF Katedra požiarneho inžinierstva  |X 45163  |U M5300  |Y 193  |7 A000045163 
856 4 |u http://is.stuba.sk/zp/portal_zp.pl?podrobnosti=176787 
996 |c M* BP-10027  |l MMSKP  |s P  |a 0  |w stuzp105531_0001